000 00388nam a22001337a 4500
020 _qPB.
040 _cFIZZA ISHAQ
082 _a170.83
_bBAR
100 _aLEWIS,A.BARBARA.
_9132165
245 _aWHAT DO YOU STAND FOR? A KID'S GUIDE TO BUILDING CHARACTER /
_cBARBARA A.LEWIS.
260 _aNEW YORK;
_bFREE SPIRIT PUBLISHING,
_c1998.
300 _a276 P. ;
_c11.2X8.4IN
942 _2ddc
_cBK
999 _c615435
_d615435